000 00497nam a2200169 i 4500
001 101144
003 ES-MaACL
005 20230906182829.0
007 t|
008 051013s1968 sp ||||1| spa d
100 1 _aMaugham, Robin.
_979191
245 1 3 _aEl sirviente /
_cRobin Maugham; traducción... por Juan Martín Ruiz-Werner.
260 _aMadrid :
_bAguilar,
_c1968.
300 _a80 p. ;
_c20 cm.
700 1 _aMartín Ruiz-Werner, Juan.
_977640
852 _aES-MaACL
_jC-35459
_bR.68640
999 _c101144
_d101144